|
|
|
|
| LEADER |
00000naa a2200000 a 4500 |
| 001 |
vtls010260360 |
| 003 |
SK-MaSNL |
| 005 |
20260302132731.0 |
| 008 |
11030220s2008 xo o |0||||||||0|||b|sl |
| 015 |
|
|
|a SNBRA2010/06
|
| 035 |
|
|
|a SVKKK000100980
|
| 038 |
|
|
|a SVKKK
|
| 040 |
|
|
|a SVKKK
|b slo
|c SVKKK
|e AACR2
|
| 041 |
0 |
|
|a slo
|
| 044 |
|
|
|a xo
|c SK
|
| 080 |
|
|
|a 728.81
|2 1997
|
| 080 |
|
|
|a 628.971
|2 1997
|
| 100 |
1 |
|
|a Lesňák, P.
|4 aut
|9 775314
|
| 245 |
1 |
0 |
|a Iluminácia hradných objektov
|c P. Lesňák
|
| 300 |
|
|
|b Obr., tab.
|
| 650 |
0 |
7 |
|a hrady
|x vonkajšie osvetlenie
|2 snkbucl
|9 818360
|
| 773 |
0 |
|
|t Bardkontakt 2008. Problematika mestských pamiatkových centier
|d Bardejov : Mesto Bardejov, 2008
|z 9788096998876
|g S. 145-149
|
| 852 |
|
|
|a SVKKK
|b BIB
|
| 958 |
|
|
|a SK
|
| 958 |
|
|
|a NB
|
| 999 |
|
|
|c 1314077
|d 1316007
|